Alle Länder Afrikas in 5 Minuten (mit Karte) - Statistiken

Allgemein
  • Dieses Quiz wurde 355 mal gespielt
  • Das Durchschnittsergebnis liegt bei 42 aus 54
Antworten auf der Karte
Die Antworten werden auf der Karte rot bzw. grün angezeigt, abhängig davon wie oft sie richtig erraten wurden.
 
Antwortstatistiken
Länder % Korrekt
Südafrika
99%
Ägypten
98%
Madagaskar
96%
Marokko
95%
Niger
95%
Algerien
94%
Demokratische Republik Kongo
94%
Nigeria
94%
Republik Kongo
94%
Tunesien
92%
Elfenbeinküste
89%
Somalia
88%
Sudan
88%
Ghana
87%
Senegal
86%
Mali
85%
Kenia
84%
Libyen
84%
Namibia
83%
Südsudan
83%
Togo
82%
Äthiopien
81%
Eritrea
81%
Angola
80%
Guinea
80%
Tansania
79%
Kamerun
77%
Lesotho
77%
Mauretanien
76%
Simbabwe
76%
Tschad
76%
Uganda
76%
Gambia
75%
Ruanda
75%
Zentralafrikanische Republik
74%
Kap Verde
73%
Äquatorialguinea
72%
Benin
71%
Burkina Faso
71%
Botswana
70%
Guinea-Bissau
69%
Liberia
69%
Sambia
69%
Seychellen
69%
Eswatini
68%
Mosambik
68%
Dschibuti
67%
Gabun
66%
Mauritius
66%
Burundi
65%
Malawi
63%
Komoren
62%
Sierra Leone
62%
São Tomé und Príncipe
59%
Keine übereinstimmenden Quizze gefunden
Verteilung der Resultate
Anzahl Personen mit jedem Resultat
Perzentil nach korrekt beantworteten Fragen
Ihre Resultats-Entwicklung
Sie haben dieses Quiz noch nicht gespielt